Statistics for Animal Crossing Characters by Alternate Definition

Click here to take the quiz!

General Stats

  • This quiz has been taken 29 times
  • The average score is 7 of 15

Answer Stats

HintAnswer% Correct
Tomato sauceKetchup
84%
Doctor deterentApple
74%
The Northern Lights e.g.Aurora
68%
A tune used in adsJingle
68%
The plants of a regionFlora
63%
The animals of a regionFauna
58%
Sharp, tart, sourTangy
58%
Shakespearean princeHamlet
53%
A goat in FranceChevre
47%
A thin puff of smokeWisp
47%
Slang for MDMAMolly
21%
Move up and downBob
16%
A type of harbourMarina
16%
SI unit of pressurePascal
11%
A keyboard instrumentCeleste
5%

Score Distribution

Percentile by Number Answered

Percent of People with Each Score

Your Score History

You have not taken this quiz